Carta geoambiental del partido de Guaminí (Provincia de Buenos Aires) /

Guardado en:
Otros Autores: González Uriarte, Magdalena. (Editor ), Orioli, Gustavo Adolfo, 1933- (Editor )
Formato: Libro
Idioma:Spanish
Publicado: Bahía Blanca : EdiUNS, Editorial de la Universidad Nacional del Sur, 1998.
Series:Serie Extensión
Etiquetas: Agregar Etiqueta
Sin Etiquetas, Sea el primero en etiquetar este registro!
LEADER 01054nam a22002055a 4500
001 EEA.libagro009451
005 20180606121315.0
008 041125s1998####ag#a##########000#0#spa#d
020 |a 987928108X 
082 0 4 |a 631.478212 
245 0 0 |a Carta geoambiental del partido de Guaminí (Provincia de Buenos Aires) /  |c editores Magdalena González Uriarte, Gustavo Orioli. 
260 |a Bahía Blanca :  |b EdiUNS, Editorial de la Universidad Nacional del Sur,  |c 1998. 
300 |a 243 p. :  |b il. ;  |c 28 cm. +  |e 5 mapas. 
440 0 |a Serie Extensión 
505 0 |a Mapa 1. Altitud de las tierras -- Mapa 2. Gradiente de las tierras -- Mapa 3. Formaciones superficiales y drenaje -- Mapa 4. Unidades territoriales de producción -- Mapa 5. Unidades geoambientales 
700 1 |a González Uriarte, Magdalena.  |4 edt 
700 1 |a Orioli, Gustavo Adolfo,  |d 1933-  |4 edt 
859 |a AR-BbBCA  |b BIB. AGRONOMIA  |h 631.478212  |i G643  |p 2001/4221 
859 |a AR-BbBCA  |b BIB. AGRONOMIA  |h 631.478212  |i G643  |p 2001/4222  |t Ej.2 
859 |a AR-BbBCA  |b BIB. AGRONOMIA  |h 631.478212  |i G643  |p 2001/4223  |t Ej.3